000 01038nam a2200349 i 4500
001 7606
003 KOSZ 005
005 20191002141448.0
008 070606s1973 pl a |000 0 pol
015 _aPB 1973/2519
035 _a(OCoLC)749484640
040 _aWA N
_cWA N
_dKOSZ 005/HR
046 _k1970
080 _a538.9
100 1 _aKalinowski, Ludomir.
_eAutor
245 1 0 _aFizyka metali /
_cLudomir Kalinowski.
250 _aWyd. 2 popr.
260 _aWarszawa :
_bPaństwowe Wydawnictwo Naukowe,
_c1973.
300 _a440, [2] s. :
_bil. ;
_c23 cm.
336 _2rdacontent
_aTekst
_btxt
337 _2rdamedia
_aBez urządzenia pośredniczącego
_bn
338 _2rdacarrier
_aWolumin
_bnc
380 _aKsiążki.
388 _a1901-2000
388 _a1945-1989
504 _aBibliogr.
658 _aFizyka i astronomia
650 4 _aFizyka
650 4 _aMetale
856 _uhttp://koha.tu.koszalin.pl/cgi-bin/koha/opac-detail.pl?biblionumber=7606
_yKatalog online BPK
942 _2UKD
_cKA
999 _c7606
_d7606